000 00548nam a2200217Ia 4500
008 200601s9999 xx 000 0 und d
020 _a978-0-470-00746-6
050 _aREF DA 650
050 _b.P67 2006
100 _aDarwin, Porter.
245 0 _aEngland 2007 /
245 0 _cDarwin Porter & Danforth Prince.
260 _aNew Jersey :
260 _bWiley Publishing,
260 _c2006
300 _a784 pages :
300 _billustrations ;
300 _c20 cm.
500 _aIncludes index.
650 _aEngland -- Guidebooks.
999 _c363282
_d363282